Scarlett Johansson Movies - Sudden Death - Statistics

General Stats
  • This quiz has been taken 3,712 times
  • The average score is 11 of 22
Answers on the Grid
Answers color-coded by a green-red scale on the quiz's grid according to % correct below.
Army of Darkness
Asteroid City
Black Widow
Captain America: Civil War
Captain America: Constitution
Captain America: Ghost Protocol
Don Jon
Ghost in the Shell
Hail, Caesar!
He's Just Not That Into You
Her
Hitch
I Am Legend
Into the Wild
Iron Man 2
Iron Man 5
Jojo Rabbit
Lost in Translation
Love, Actually
Lucy
Marriage Story
Never Been Kissed
Rough Night
Scream V
Searching for Sugarman
Suicide Squad
Superman V
The Avengers
The Black Dahlia
The Island
The Other Boleyn Girl
The Prestige
Torra! Torra! Torra!
Under the Skin
Vicky Cristina Barcelona
We Bought a Zoo
 
Answer Stats
Answer % Correct
Black Widow
91%
Captain America: Civil War
85%
The Avengers
71%
Lucy
64%
Iron Man 2
63%
Jojo Rabbit
60%
Lost in Translation
59%
Her
56%
Marriage Story
56%
Asteroid City
48%
Ghost in the Shell
48%
The Other Boleyn Girl
41%
We Bought a Zoo
40%
Vicky Cristina Barcelona
39%
The Prestige
37%
Don Jon
35%
He's Just Not That Into You
33%
Under the Skin
32%
The Black Dahlia
30%
The Island
29%
Hail, Caesar!
28%
Rough Night
17%
No matching quizzes found
Score Distribution
Percent of People with Each Score
Percentile by Number Answered
Your Score History
You have not taken this quiz